Sports Quiz

Random Sports Quiz
Score 0/10 Timer 10:00
0 Plays Today
Question Réponse % Correct
Contre quel club Serhou Guirassy a t-il inscrit un doublé ?Paris Saint-Germain
91.2%
De combien de carton(s) rouge l'équipe amiénoise s'est vu être sanctionnée cette saison ?Quatre
82.4%
Quel est le record de matches consécutifs sans défaite en championnat ?Cinq
82.4%
Combien de cleen sheets ont été réalisés par Amiens cette saison ?Cinq
82.4%
Quel amiénois a inscrit le but victorieux face à Rennes en coupe de la ligue dans les derniers instants du match ?Thomas Monconduit
79.4%
Contre quelle équipe Amiens a signé son dernier succès en Ligue 1 ?Stade Brestois 29
70.6%
Combien de minutes a joué Jack Lahne cette saison en championnat ?Quatorze
52.9%
Face à quel club espagnol l'ASC a-t-il perdu en amical de pré saison ?Club Deportivo Leganés
50%
Quel joueur s'est fait exclure dès le 1er match de la saison ?Eddy Gnahoré
44.1%
Avec un total de 83, dans quel domaine Amiens a été le cancre cette saison ?Tirs
29.4%
Remove Ads.
Support Sporcle.
Get the best of Sporcle when you Go Orange. This ad-free experience offers more features, more stats, and more fun while also helping to support Sporcle. Thank you for becoming a member.

You're not logged in!

Compare scores with friends on all Sporcle quizzes.
OR
Log In

Sporcle TV

Today on Sporcle TV


Watch our educational content, quiz creation guides, and fun videos on Sporcle TV.

Show Comments

Extras

Created May 19, 2020ReportNominate
Tags:saison

Top Quizzes Today


Score Distribution

Paid Content

Your Account Isn't Verified!

In order to create a playlist on Sporcle, you need to verify the email address you used during registration. Go to your Sporcle Settings to finish the process.

Report this User

Report this user for behavior that violates our Community Guidelines.

Details: